| 000 | 00847nam a22002175i 4500 | ||
|---|---|---|---|
| 001 | 152565 | ||
| 003 | ES-MaACL | ||
| 005 | 20250822032537.0 | ||
| 008 | 020926s1887 fr a d |||| | fre d | ||
| 040 |
_aCCPB | B _bspa _cCCPB | B |
||
| 100 | 0 |
_aBourru, Henri. _931026 |
|
| 245 | 1 | 3 |
_aLa suggestion mentale et l'action a distance des substances toxiques et médicamenteuses / _cpar H. Bourru et P. Burot. |
| 260 |
_aParis : _bLibrairie J.-B. Baillière et fils, _c1887 ( _eLyon : _fImprimerie Pitrat) |
||
| 300 |
_a311 p. : _bil. ; _c18 cm. |
||
| 490 | 1 | _aBibliothèque scientifique contemporaine | |
| 650 | 7 |
_aPsicología fisiológica _2embne _916565 |
|
| 700 | 0 |
_aBurot, P. _932762 |
|
| 830 | 0 |
_aBibliothèque scientifique contemporaine _9182226 |
|
| 852 |
_aES-MaACL _jF-11244 _z-- Enc. pasta española |
||
| 999 |
_c152565 _d152565 |
||